| 000 | 00420nam a22001697a 4500 | ||
|---|---|---|---|
| 005 | 20160905112548.0 | ||
| 008 | 160905b xxu||||| |||| 00| 0 eng d | ||
| 020 | _a81-204-1599-X | ||
| 041 | _aeng | ||
| 100 |
_aSINGH, CHHIDDA SINGH, SINGH, PREM _93486 |
||
| 245 | _aMODERN TECHNIQUES OF RAISING FIELD CROPS | ||
| 250 | _a2nd | ||
| 260 |
_bOXFORD _c2015 |
||
| 300 | _a561 | ||
| 650 |
_aAGRICULTURE _92837 |
||
| 942 | _cBK | ||
| 999 |
_c5190 _d5188 |
||